在所属地级行政区中面积占比>50%的县级行政区 - Statistics

General Stats
  • This quiz has been taken 38 times
  • The average score is 30 of 42
Answer Stats
省级 上下级 地/县级 县级面积 县占地级百分比 % Correct
安徽 濉溪县 淮北 1987 72.49%
91%
海南 南沙区 三沙 17 62.96%
91%
海南 三沙 南沙区 17 62.96%
85%
广西 合浦县 北海 2762 69.24%
85%
内蒙古 海南区 乌海 1005 57.30%
85%
江西 渝水区 新余 1781 56.36%
85%
江西 浮梁县 景德镇 2851 54.18%
85%
辽宁 辽阳 辽阳县 2485 52.47%
82%
新疆 鄯善县 吐鲁番 39759 58.85%
82%
湖北 随县 随州 5544 57.53%
82%
山西 盂县 阳泉 2514 55.14%
82%
安徽 寿县 淮南 2986 53.97%
82%
辽宁 辽阳县 辽阳 2485 52.47%
82%
辽宁 阜新 阜新蒙古族自治县 6246 60.32%
79%
甘肃 永昌县 金昌 5867 65.71%
79%
辽宁 阜新蒙古族自治县 阜新 6246 60.32%
79%
新疆 伊州区 哈密 81254 57.18%
79%
辽宁 盖州市 营口 2943 54.48%
79%
甘肃 肃南裕固族自治县 张掖 20456 52.99%
79%
湖北 随州 随县 5544 57.53%
76%
江西 贵溪市 鹰潭 2493 70.03%
76%
内蒙古 达尔罕茂明安联合旗 包头 17410 62.70%
76%
广西 北海 合浦县 2762 69.24%
74%
湖北 阳新县 黄石 2778 60.58%
74%
广东 阳春市 阳江 4038 50.75%
74%
安徽 淮南 寿县 2986 53.97%
71%
广东 阳江 阳春市 4038 50.75%
71%
广东 饶平县 潮州 1732 55.05%
71%
安徽 淮北 濉溪县 1987 72.49%
62%
山西 阳泉 盂县 2514 55.14%
62%
新疆 哈密 伊州区 81254 57.18%
59%
甘肃 张掖 肃南裕固族自治县 20456 52.99%
59%
内蒙古 乌海 海南区 1005 57.30%
56%
广东 潮州 饶平县 1732 55.05%
56%
江西 景德镇 浮梁县 2851 54.18%
56%
甘肃 金昌 永昌县 5867 65.71%
53%
内蒙古 包头 达尔罕茂明安联合旗 17410 62.70%
50%
湖北 黄石 阳新县 2778 60.58%
50%
江西 新余 渝水区 1781 56.36%
50%
江西 鹰潭 贵溪市 2493 70.03%
47%
新疆 吐鲁番 鄯善县 39759 58.85%
47%
辽宁 营口 盖州市 2943 54.48%
47%
No matching quizzes found
Score Distribution
Percent of People with Each Score
Percentile by Number Answered
Your Score History
You have not taken this quiz